000 00456nam a2200169Ia 4500
008 230718s9999 xx 000 0 und d
041 _aeng
082 _a621.8
_bKHU
100 _aKhurmi R.S.
_9141538
245 _aTheory Of Machines
_b(S.I Units)
250 _a14th ed.
260 _c2009
_bEurasia Publishing House
300 _a1071
365 _cRs.
_b540.00
700 _aKhurmi R.S. & Gupta J.K.
_9184777
906 _dB:745422-Jan-2009
_cMECH
_b324
999 _c320033
_d320033